đŸŽ¶Paroles "Virile" Suzane - Statistiques

Statistiques générales
  • Ce quiz a Ă©tĂ© pris 154 fois
  • Le rĂ©sultat moyen est 268 sur 320
Statistiques - réponses
Mots % Correct
m'
100%
mansplaining
100%
C'
99%
garçon
99%
garçon,
99%
j'
99%
J'
99%
je
99%
Je
99%
suis
99%
un
99%
Ă 
98%
a
98%
comme
98%
fille
98%
Fille
98%
fille,
98%
Fille,
98%
me
98%
l'
96%
ma
96%
que
96%
Que
96%
une
96%
Une
96%
le
94%
forte,
93%
ai
90%
Mais
90%
moi
90%
virile ?
90%
virile
90%
Virile
90%
les
89%
de
88%
en
87%
la
87%
dans
85%
dit
85%
filles
85%
On
85%
on
85%
air
84%
autres,
84%
autres
84%
pantalon
83%
Parait
80%
bagarre,
79%
Et
78%
explique
77%
manqué,
77%
pas
77%
pas,
77%
mĂȘme
76%
des
73%
Depuis
71%
Maman
71%
tout,
71%
gamine
70%
marche
70%
Marche
70%
est
68%
masculine
68%
tĂȘte
66%
dirige
65%
haute
65%
sais
65%
si
65%
poigne,
63%
avec
62%
maniĂšre
62%
mon
62%
sait
62%
quand
61%
battre,
60%
patron
60%
reluque,
59%
appris
57%
quelques
57%
mes
56%
travers
56%
défends
55%
écoute
55%
guerre,
55%
traits
55%
frĂšre
54%
taire
54%
toujours
54%
case
52%
pars
52%
sage
52%
sourire
52%
droits,
51%
force
51%
faire
50%
peux
50%
laisser
49%
Quelle
49%
dessine
48%
genre,
48%
importance
48%
plus
48%
Change
46%
fais
46%
trottoir,
46%
perdre
44%
trop
43%
affaires,
40%
patronne,
39%
vite
39%
tard,
38%
Rentre
37%
bosse,
32%
sape,
30%
Aucun quiz correspondant
Distribution des résultats
% des personnes avec chaque résultat
Percentile par nombre de réponses
Votre historique - résultats
Vous n’avez pas pris ce quiz